| 000 | 00563nam a2200169 a 4500 | ||
|---|---|---|---|
| 001 | 1637 | ||
| 003 | CDMR | ||
| 005 | 20131212162900.0 | ||
| 008 | 130130s1988||||||||||||||||||||||||||||d | ||
| 020 | _a9688872075 | ||
| 040 |
_aCDMR _bcat _cCDMR |
||
| 100 | 1 |
_aRoda Salinas, Fernando Jesús _91237 |
|
| 245 | 1 | 0 |
_aInformación y comunicación _b: los medios y su aplicación didáctica _c Fernando Jesús Roda Salinas, Rosario Beltrán de Tena |
| 260 |
_aBarcelona _c1988 _bGustavo Gili |
||
| 650 | 0 | 4 |
_93081 _aMitjans de comunicació de massa i educació |
| 942 |
_cMON _2udc |
||
| 999 |
_c1637 _d1637 |
||